000 00885nam a2200241 a 4500
001 000046535
005 20201002052937.0
008 150824s2000 mx 000 0 spa d
020 _a970118990
040 _aDO-SdBNP
_bspa
_cBNPHU
082 _a001.42
_bH557m, 2000
100 1 _aHernandez Sampieri, Roberto
_974522
245 1 0 _aMetodología de la investigación /
_cRoberto Hernandez Sampieri, Carlos Fernandez Collado, Pilar Baptista Lucio.
250 _a2. ed.
260 _aMéxico :
_bMcGraw-Hill,
_c2000.
500 _aIncluye índice
504 _aIncluye referencias bibliográficas y notas al pie de las páginas
650 4 _aInvestigación científica
_xMetodologia
_910
650 4 _aCiencias sociales
_xInvestigaciónes
_92113
700 1 2 _aBaptista Lucio, Pilar
_974523
700 1 2 _aFernández Collado, Carlos
_961346
910 _aValidado. Control de calidad MFF
999 _c46024
_d46024